000 00904nam a22002057a 4500
005 20250829185200.0
008 240816b ||||| |||| 00| 0 eng d
082 _aDPer 155.205 J826 July-September 2020 v. 119 n. 1-3
100 _aYu, Siyu.
_eauthor.
_957978
245 _aKnowing where others stand :
_baccuracy and performance effects of individuals' perceived status hierarchies /
_cSiyu Yu, and Gavin J. Kilduff.
260 _aWashington ;
_bAmerican Psychological Association ,
_cJuly 2020.
300 _aVolume 119, pages 159-184 :
_billustration ;
_c27 cm.
500 _aJournal of Personality and Social Psychology , vol. 119, no. 1, pages 159-184, July 2020.
650 _aInterpersonal relations.
_960656
650 _aPerception.
_960657
650 _aSocial psychology.
_960658
700 _aYu, Siyu.
_eauthor.
_957978
700 _aKilduff, Gavin J.
_eauthor.
_957979
942 _2ddc
_cPER
999 _c20529
_d20529